[Event "ACL-A078"]
[Site "www.playchess.de"]
[Date "2001.03.28"]
[Round "35"]
[White "Tony"]
[Black "Queen"]
[WhiteElo "1881"]
[BlackElo "1032"]
[PlyCount "71"]
[Result "1-0"]

1.d4 {Have nice game!!}  d5 {Thanks and good 
luck.}  2.c4 e6 3.Nc3 Nc6 4.e3 Nf6 5.Nf3 dxc4 
6.Bxc4 Bb4 7.O-O O-O 8.a3 Bxc3 9.bxc3 e5 10.dxe5 
Qxd1 11.Rxd1 Ne4 12.Bb2 Be6 13.Bd3 Nc5 14.Bc2 a5 
15.Ng5 Bg4 16.Rd5 b6 17.Nxh7 Na4 18.Bxa4 Kxh7 
19.Bxc6 Rad8 20.f3 Be6 21.Rd4 f6 22.exf6 gxf6 
23.Rad1 Bb3 24.R4xd8 Bxd1 25.Rxf8 Kg7 26.Rd8 f5 
27.Rxd1 Kf6 28.c4+ Ke6 29.e4 fxe4 30.fxe4 Ke7 
31.Be5 Ke6 32.Bxc7 Ke7 33.Rd7+ Ke6 34.e5 Kf5 
35.Rf7+ Ke6 36.Bd5+ {It has been a pleasure to 
play with you, I hope to meet you in another 
tournament. Good luck!!}  1-0

[Event "HCL-C153"]
[Site "www.playchess.de"]
[Date "2001.03.28"]
[Round "14"]
[White "laehndie26"]
[Black "vulcan"]
[WhiteElo "1000"]
[BlackElo "988"]
[PlyCount "36"]
[Result "0-1"]

1.d4 e6 2.e3 Nf6 3.Nc3 c5 4.Bc4 b6 5.Nf3 Bb7 6.O-O 
d5 7.Bb3 c4 8.Ba4+ Nbd7 9.Ne5 a6 10.Nxd7 Nxd7 
11.e4 b5 12.Nxb5 axb5 13.Bxb5 Ba6 14.c3 Bxb5 15.b3 
cxb3 16.Qxb3 Bxf1 17.Kxf1 dxe4 18.c4 
Be7 0-1

[Event "HCL-B157"]
[Site "www.playchess.de"]
[Date "2001.03.28"]
[Round "15"]
[White "JayKay"]
[Black "BVLGARI"]
[WhiteElo "1688"]
[BlackElo "681"]
[PlyCount "23"]
[Result "1-0"]

1.d4 d5 {Salve, di dove sei?}  2.c4 {Venezia.And 
you?You speak italien?}  Nf6 {Certo... sono 
interprete per formazione :)}  3.e3 {complimenti!} 
 e6 {ciao, sono stato molto impegnato questi 
giorni}  4.Nf3 {Di dove sei della Bulgaria?}  Ne4 
{Gabrovo, e' un bellissimo paese nella montagna. 
Capitale del umorismo mondiale}  5.Bd3 Nf6 6.O-O 
Bd6 7.c5 Be7 8.Qc2 Nc6 9.Nc3 O-O 10.a3 b6 11.cxb6 
cxb6 12.b4 1-0

[Event "CCL-E009"]
[Site "www.playchess.de"]
[Date "2001.03.28"]
[Round "4"]
[White "G9_us"]
[Black "premio53"]
[WhiteElo "2000"]
[BlackElo "2000"]
[PlyCount "63"]
[Result "1-0"]

1.Nc3 d5 2.d4 Nf6 3.Bg5 {Hi there GL :-) What prog 
do you use and what hardware?}  Nbd7 {I'm using a 
Radio Shack Champion 2250XL.  Impressive huh?}  
4.e3 {i dont know that prog :-)}  e6 {A stand 
alone chess computer.}  5.Nf3 {oh i see, cool :-)} 
 c5 6.Be2 cxd4 7.Qxd4 Bc5 8.Qh4 Qb6 9.O-O-O O-O 
10.Na4 Qc7 11.Nxc5 Qxc5 12.Bd3 h6 13.Bxh6 gxh6 
14.Qxh6 Qe7 15.Ng5 Ne5 16.Bh7+ Kh8 17.f3 Nc6 18.c4 
Ne5 19.Rd4 Nfg4 20.fxg4 f6 21.Bc2+ Kg8 22.Rf1 Qg7 
23.Qh7+ Qxh7 24.Nxh7 Nxc4 25.Nxf8 Kxf8 26.Rxf6+ 
Ke7 27.Rf3 Bd7 28.g5 Rh8 29.h3 e5 30.Rd1 e4 31.Rg3 
Be6 32.Bb3 1-0

[Event "HCL-E021"]
[Site "www.playchess.de"]
[Date "2001.03.28"]
[Round "13"]
[White "estrada"]
[Black "Jozef"]
[WhiteElo "1678"]
[BlackElo "2176"]
[PlyCount "27"]
[Result "1-0"]

1.e4 e5 2.d4 exd4 3.c3 dxc3 4.Nxc3 Bc5 5.Nf3 d6 
6.Bc4 Bg4 7.Qb3 Nc6 8.Bxf7+ Kf8 9.Bxg8 Rxg8 10.Ng5 
Qe7 11.Nxh7+ Ke8 12.Qxg8+ Kd7 13.Qxa8 Nd4 
14.O-O 1-0

[Event "HCL-B158"]
[Site "www.playchess.de"]
[Date "2001.03.28"]
[Round "19"]
[White "Jeff_Foster"]
[Black "adamant"]
[WhiteElo "1364"]
[BlackElo "885"]
[PlyCount "63"]
[Result "1-0"]

1.d4 d5 2.c4 e6 3.Nc3 Nf6 4.Bg5 c6 5.e3 Bd6 6.Nf3 
Nbd7 7.Bd3 O-O 8.O-O h6 9.Bh4 Re8 10.Re1 dxc4 
11.Bxc4 b5 12.Bd3 Bb7 13.Rc1 Qe7 14.Qc2 Rac8 
15.Ne4 c5 16.Nxf6+ Nxf6 17.Bxb5 cxd4 18.Qd3 Red8 
19.Nxd4 Be4 20.Bxf6 Qb7 21.Rxc8 Rxc8 22.Qe2 gxf6 
23.Ba6 Qb8 24.Bxc8 Qxc8 25.Qg4+ Bg6 26.h3 Kh7 
27.Rd1 Qc5 28.Nxe6 fxe6 29.Qxe6 Be5 30.Rd7+ Kh8 
31.Rd8+ Kg7 {good game}  32.Qg8+ 1-0

[Event "HCL-B168"]
[Site "www.playchess.de"]
[Date "2001.03.28"]
[Round "3"]
[White "adamant"]
[Black "ulibear"]
[WhiteElo "885"]
[BlackElo "1500"]
[PlyCount "82"]
[Result "0-1"]

1.c4 Nf6 {have a good game}  2.Nc3 e6 3.d4 d5 
4.Bg5 h6 5.Bh4 b6 6.Nf3 Be7 7.Qc2 c5 8.Rd1 O-O 
9.dxc5 bxc5 10.cxd5 exd5 11.Bxf6 Bxf6 12.Rxd5 
Bxc3+ {sorry}  13.Qxc3 Qxd5 14.b3 Rd8 15.Qc1 Ba6 
16.g3 Re8 {stopping 16... Bg2}  17.Qc2 Bd3 18.Qb2 
Na6 19.a3 Rab8 20.Nd2 Bxe2 21.Bxe2 Qxh1+ 22.Nf1 
Re6 23.Kd2 Rd8+ 24.Kc1 Qe4 25.Ne3 Nc7 26.Bc4 Red6 
{going for the kill}  27.Qe2 Qh1+ 28.Nf1 Ne6 
29.Kb2 Nd4 30.Qd3 Qg2 31.Qe3 Rf6 32.Kc3 Rxf2 
33.Qxf2 Qxf2 34.Nd2 Ne2+ 35.Kc2 Nd4+ 36.Kc1 Qe1+ 
37.Kb2 Qxd2+ 38.Ka1 Nc2+ 39.Kb2 Nb4+ 40.Kb1 Qc2+ 
41.Ka1 {good game}  Qc1+ {thanks} 
 0-1

[Event "HCL-E025"]
[Site "www.playchess.de"]
[Date "2001.03.28"]
[Round "4"]
[White "dzwonek"]
[Black "Lukos"]
[WhiteElo "2346"]
[BlackElo "2000"]
[PlyCount "74"]
[Result "1-0"]

1.d4 Nf6 2.Nf3 g6 3.c4 Bg7 4.Nc3 O-O 5.e4 d6 6.Be2 
e5 7.O-O Nc6 8.d5 Ne7 9.Ne1 Nd7 10.Nd3 f5 11.Bd2 
Nf6 12.f3 f4 13.g4 fxg3 14.e.p hxg3 15.c5 Kg2 
16.a6 Rh1 17.Bd7 a4 18.b6 f4 19.exf4 gxf4 20.Ne8 
Bg4 21.Nc7 Qf3 22.Rb8 Bxd7 23.Qxd7 Qh3 24.Qxh3+ 
Rxh3 25.b5 cxb5 26.axb5 axb5 27.Nxb5 Nxb5 28.Rxb5 
Ra7 29.Re8 Bc3 30.h5 Rd7 31.Rb6 Rh1 32.Bxc3 bxc3 
33.Nc8 f5 34.gxf5 exf5 35.Rb3 f6 36.Re2+ Kf3 
37.Rd2 Rg7+ 1-0

[Event "HCL-E025"]
[Site "www.playchess.de"]
[Date "2001.03.28"]
[Round "10"]
[White "Lukos"]
[Black "Goofy"]
[WhiteElo "2000"]
[BlackElo "2159"]
[PlyCount "55"]
[Result "1-0"]

1.d4 Nf6 2.c4 g6 3.Nc3 d5 4.Bf4 c6 5.e3 Bg7 6.Nf3 
O-O 7.Bd3 a6 8.O-O b5 9.cxd5 cxd5 10.Rc1 Nbd7 
11.Qb3 Nb6 12.Nxb5 Ne8 13.Nc3 Nd6 14.Nxd5 Rb8 
15.Nxb6 Rxb6 16.Qc2 Bb7 17.Nd2 Qa8 18.f3 Rd8 
19.Ne4 Rc8 20.Nc5 Nb5 21.Qd2 Bd5 22.Qa5 Qa7 
23.Nxa6 Rxc1 24.Rxc1 Nd6 25.Qxd5 Rxa6 26.Rc8+ Nxc8 
27.Qd8+ Bf8 28.Bh6 1-0

[Event "HCL-A074"]
[Site "www.playchess.de"]
[Date "2001.03.28"]
[Round "23"]
[White "Drugo_Izdanje"]
[Black "HAWAIIANhost"]
[WhiteElo "1873"]
[BlackElo "1700"]
[PlyCount "39"]
[Result "1-0"]

1.e4 e5 2.Nf3 d5 3.exd5 Qxd5 4.Nc3 Qe6 5.Bb5+ c6 
6.Ba4 Qg4 7.O-O Bc5 8.Bb3 Bd6 9.Re1 Be6 10.Bxe6 
Qxe6 11.d3 Na6 12.Bf4 O-O-O 13.Bxe5 Bxe5 14.Rxe5 
Qg6 15.a3 Nf6 16.Qe2 Ng4 17.Rg5 Qe6 18.Qxe6+ Kc7 
19.Qxf7+ Kb6 20.Na4+ {Thanks for the interesting 
game}  1-0

[Event "HCL-A074"]
[Site "www.playchess.de"]
[Date "2001.03.28"]
[Round "24"]
[White "Hubble"]
[Black "Drugo_Izdanje"]
[WhiteElo "1625"]
[BlackElo "1873"]
[PlyCount "100"]
[Result "0-1"]

1.f4 e5 2.d3 exf4 3.Bxf4 d5 4.Nf3 Nf6 5.e3 c5 6.c3 
Nc6 7.Nbd2 Bf5 8.Be2 Bd6 9.Bg5 O-O 10.e4 dxe4 
11.dxe4 Be6 12.O-O Be7 13.Bb5 Qc7 14.Qc2 a6 15.Bd3 
Ng4 16.Bxe7 Ne3 17.Qb1 Nxf1 18.Bxf8 Nxd2 19.Nxd2 
Rxf8 20.Nc4 b5 21.Ne3 c4 22.Be2 Rd8 23.Qc2 Ne5 
24.Rd1 Rxd1+ 25.Qxd1 Nd3 26.Bxd3 cxd3 27.Qxd3 Bxa2 
28.Nd5 Qc5+ 29.Ne3 Be6 30.Qd8+ Qf8 31.Qxf8+ Kxf8 
32.b4 Ke7 33.Kf2 Kd6 34.Kf3 Ke5 35.g4 g5 36.Nf5 
Bxf5 37.gxf5 h5 38.h3 f6 39.Ke3 g4 40.h4 g3 41.Kf3 
g2 42.Kxg2 Kxe4 43.Kg3 Kxf5 44.Kf3 Ke5 45.Ke3 f5 
46.Kf3 f4 47.Ke2 Ke4 48.Kf2 f3 49.Kf1 Kf4 50.Kf2 
Kg4 0-1

[Event "HCL-A074"]
[Site "www.playchess.de"]
[Date "2001.03.28"]
[Round "25"]
[White "Drugo_Izdanje"]
[Black "daphatmon"]
[WhiteElo "1873"]
[BlackElo "1615"]
[PlyCount "27"]
[Result "1-0"]

1.e4 e6 2.d4 d6 3.Nf3 Be7 4.Bd3 c6 5.O-O Bd7 6.e5 
c5 7.exd6 Bxd6 8.dxc5 Bxc5 9.Re1 Qb6 10.Qe2 Nf6 
11.Be3 Bxe3 12.Qxe3 Qxb2 13.Nbd2 Bc6 
14.Nc4 1-0

[Event "HCL-A075"]
[Site "www.playchess.de"]
[Date "2001.03.28"]
[Round "10"]
[White "malkawi2000"]
[Black "CheckMaster"]
[WhiteElo "1700"]
[BlackElo "1700"]
[PlyCount "28"]
[Result "0-1"]

1.e4 c5 2.Nf3 Nc6 3.d4 cxd4 {hello  from colorado} 
 4.Nxd4 e6 5.Nc3 a6 6.Be3 Bb4 7.Nxc6 Bxc3+ 8.bxc3 
bxc6 9.Qd6 Qe7 10.Bc5 Qxd6 11.Bxd6 Nf6 12.Bd3 Kd8 
13.Rb1 Ne8 14.Bc5 d6 0-1

[Event "HCL-C176"]
[Site "www.playchess.de"]
[Date "2001.03.28"]
[Round "5"]
[White "Stef"]
[Black "Glimmung"]
[WhiteElo "1144"]
[BlackElo "1083"]
[PlyCount "50"]
[Result "0-1"]

1.d4 Nf6 2.Nc3 c6 3.Nf3 d6 4.e4 b5 5.b4 Na6 6.h4 
Nxb4 7.Be2 Bg4 8.Ba3 a5 9.O-O Qb6 10.g3 e5 11.dxe5 
dxe5 12.Nxe5 Bxe2 13.Nxe2 Nxc2 14.Qxc2 Bxa3 
15.Rfd1 Bc5 16.Rd3 Bxf2+ 17.Kf1 O-O 18.Nd7 Nxd7 
19.Rxd7 c5 20.Kxf2 Qf6+ 21.Nf4 Qxa1 22.h5 Qh1 
23.Ng2 Qxh5 24.Nh4 c4 25.Qd2 g5 0-1

[Event "HCL-B176"]
[Site "www.playchess.de"]
[Date "2001.03.28"]
[Round "17"]
[White "Stefan"]
[Black "scotland"]
[WhiteElo "1417"]
[BlackElo "1500"]
[PlyCount "36"]
[Result "0-1"]

1.e4 e5 {Good Luck!!}  2.Nf3 Nc6 3.Bb5 Nge7 4.O-O 
a6 5.Ba4 d6 6.c3 b5 7.Bc2 Ng8 8.d4 Nf6 9.dxe5 Nxe5 
10.Nxe5 dxe5 11.Qxd8+ Kxd8 12.Nd2 Bb7 13.Nf3 Bd6 
14.Ng5 Ke7 15.Re1 Rhd8 16.Bb3 Rdf8 17.f3 h6 18.Nh3 
Bc5+ 0-1

[Event "HCL-C186"]
[Site "www.playchess.de"]
[Date "2001.03.28"]
[Round "3"]
[White "kvdc007"]
[Black "Budgie"]
[WhiteElo "1000"]
[BlackElo "1000"]
[PlyCount "53"]
[Result "1-0"]

1.e4 c5 2.Nf3 {hi}  Nf6 3.Nc3 b6 4.Bc4 Ba6 5.Qe2 
{i think you could have done a better move, but 
maybe i am wrong, we will see}  Bxc4 6.Qxc4 d5 
7.Nxd5 {is this somekind of a gambit or just a bad 
move}  Nxd5 {no just wait and see}  8.exd5 Nd7 
9.Qb5 a6 10.Qc6 Rc8 11.Qa4 b5 12.Qxa6 {if this is 
a trick then i don't see him, i only know that you 
are 2 pawns behind}  Ra8 {???????????????????}  
13.Qxb5 Qb8 14.Qxb8+ Rxb8 15.O-O Rb5 16.a4 Rb6 
17.a5 Rb8 18.Re1 g6 19.d6 Kd8 20.Ng5 f6 {good to 
be back eh?}  21.Nf7+ {yes, i was afraid that this 
problem wouldn't get solved in time}  Ke8 22.Nxh8 
Bg7 23.Rxe7+ Kd8 {good move}  24.Rxg7 Ke8 25.Rxh7 
Rd8 26.Nxg6 Nf8 27.Re7+ 1-0

[Event "HCL-E024"]
[Site "www.playchess.de"]
[Date "2001.03.28"]
[Round "3"]
[White "Aetos"]
[Black "peze2"]
[WhiteElo "2000"]
[BlackElo "2294"]
[PlyCount "41"]
[Result "1-0"]

1.d4 Nf6 2.c4 e6 3.Nc3 Bb4 4.Bg5 c5 5.d5 h6 6.Bh4 
exd5 7.cxd5 d6 8.Bxf6 Qxf6 9.Qc2 O-O 10.e4 Qg6 
11.Nge2 f5 12.f3 fxe4 13.fxe4 Nd7 14.g3 Ne5 15.Bg2 
c4 16.O-O-O Rf7 17.Rhf1 Bc5 18.Kb1 Ng4 19.Nf4 Qh7 
20.Ne6 Ne3 21.Rxf7 1-0

[Event "HCL-B164"]
[Site "www.playchess.de"]
[Date "2001.03.28"]
[Round "5"]
[White "Gruhni"]
[Black "serpens"]
[WhiteElo "1369"]
[BlackElo "1500"]
[PlyCount "83"]
[Result "1-0"]

1.e4 e6 2.d4 d5 3.e5 c5 4.c3 Qb6 5.Nf3 Bd7 6.Be2 
Bb5 7.O-O Bxe2 8.Qxe2 Qa6 9.Qxa6 bxa6 10.Be3 Nd7 
11.Nbd2 Ne7 12.dxc5 Nc6 13.Nd4 Ncxe5 14.c6 Nb6 
15.N2b3 Nbc4 16.Na5 Nxa5 {??}  17.c7 {Excuse me! I 
moved to fast!}  Bd6 18.Nb3 Nxb3 19.axb3 Bxc7 
20.Rxa6 O-O 21.Rfa1 Bb8 22.Bxa7 Bxa7 23.R6xa7 Rxa7 
24.Rxa7 g6 25.Kf1 Nd3 26.Ra2 Rb8 27.b4 Rb5 28.b3 
Kg7 29.Ra5 Rb6 30.b5 Nc5 31.b4 Nb3 32.Ra3 Nd2+ 
33.Ke2 Ne4 34.f3 Nd6 35.Ra6 Rxa6 36.bxa6 Nb5 
37.Kd3 Kf8 38.c4 dxc4+ 39.Kxc4 Na7 40.b5 Ke7 41.b6 
Nc6 42.a7 1-0

[Event "HCL-M006"]
[Site "www.playchess.de"]
[Date "2001.03.28"]
[Round "21"]
[White "Bronislaw"]
[Black "kingscrusher"]
[WhiteElo "2371"]
[BlackElo "2200"]
[PlyCount "21"]
[Result "1-0"]

1.e4 {Hi! I'm from Romania. Good Luck !}  c5 2.Nf3 
d6 3.d4 cxd4 4.Nxd4 Nf6 5.Nc3 g6 6.f4 Nc6 7.Be3 
Bg7 8.Be2 O-O 9.Nb3 a6 10.O-O b5 
11.Bf3 1-0

[Event "HCL-C192"]
[Site "www.playchess.de"]
[Date "2001.03.28"]
[Round "9"]
[White "pgschumy"]
[Black "Elrond"]
[WhiteElo "1000"]
[BlackElo "1625"]
[PlyCount "114"]
[Result "0-1"]

1.e4 e5 2.Nf3 {hi}  Nc6 {Hi ! *handshake* and have 
a good game.}  3.Bb5 {OK!}  a6 4.Ba4 Nf6 5.d3 b5 
6.Bb3 d6 7.O-O Be7 8.a3 Na5 9.Ba2 c5 10.Bg5 Bb7 
11.Nbd2 O-O 12.h3 h6 13.Bxf6 Bxf6 14.Re1 Rc8 
15.Nf1 Nc6 16.Bd5 Rc7 17.Ng3 g6 18.Rf1 Ne7 19.Bxb7 
Rxb7 20.Nh2 Bg7 21.Qe2 Nc6 22.c3 a5 23.f4 exf4 
24.Rxf4 Ne5 25.Rd1 Qg5 26.Qf2 c4 27.d4 Nd3 28.Rxd3 
cxd3 29.Nhf1 b4 30.h4 Qb5 31.axb4 axb4 32.Qd2 bxc3 
33.bxc3 Qb1 34.Rf3 Rb2 35.Qxd3 Qc2 36.Qxc2 Rxc2 
37.h5 Rxc3 38.d5 Bd4+ 39.Kh1 Be5 40.hxg6 fxg6 
41.Rxc3 Bxc3 42.Kh2 Be5 43.Kh3 Rf4 44.Nd2 {Bravo! 
You win tour!!!}  g5 {Thanks, that was what I 
intended to do!}  45.Nf5 {I am a strange oponent!} 
 h5 {Yes Talking to you just let's me blunder?! 
What do you mean with strange?!}  46.g3 {Because I 
cannot win against you. Only draw (is not 
sigure).}  Rf2 {hmm...}  47.Nc4 {How was against 
Albania?}  Re2 {What?? I do not understand?}  
48.Ncxd6 {Harry, I mean Germainy - Albania 2:1 - 
soccer}  Bxd6 {hmmm... I'm  not so interested in 
soccer. Did you analyse?}  49.Nxd6 {Yes! And 
Formel 1 - are you interesed?}  Kf8 {Neither so 
much, I analysed a win for black - what was your 
conclusion?}  50.g4 {75%}  h4 {:-). ZugZwang is a 
forceful weapon. But I think this is valuable 
game. If PAM is available again....}  51.Nb7 Rxe4 
52.Nc5 Re2 53.Ne6+ Rxe6 {''}  54.dxe6 Ke7 55.Kg2 
Kxe6 56.Kf2 Kd5 57.Kf3 Kd4 0-1

[Event "HCL-B190"]
[Site "www.playchess.de"]
[Date "2001.03.28"]
[Round "14"]
[White "Gruhni"]
[Black "sarek"]
[WhiteElo "1313"]
[BlackElo "1112"]
[PlyCount "91"]
[Result "1/2-1/2"]

1.e4 {Hi sarek!}  e6 {Hello Gruhni! I think this 
is our sixth game.}  2.d4 {Yes, I have painfull 
memories of the last one :)}  d5 {Do not feel so 
bad, you won most of the games...}  3.e5 {Ok, I'm 
feeling better now :)}  c5 4.c3 Qb6 5.Nf3 Bd7 
6.Be2 Bb5 7.O-O Bxe2 8.Qxe2 Qa6 9.Qxa6 bxa6 10.Be3 
cxd4 11.cxd4 Ne7 12.Nc3 Nf5 13.h3 Nxe3 14.fxe3 Nc6 
15.Ng5 Be7 16.Nxf7 Rf8 17.Nd6+ Bxd6 18.exd6 Kd7 
19.Rxf8 Rxf8 20.Rf1 Rxf1+ 21.Kxf1 {Yeah, it looks 
like a draw but I like to play 5-10 moves.Maybe 
somebody could win :)}  Kxd6 {no problem, see you 
in the next tournament.}  22.Ke2 Na5 23.b3 Nc6 
24.Kd2 Ne7 25.e4 dxe4 26.Nxe4+ Kd5 27.Nc5 Nc6 
28.Nxa6 Kxd4 29.Nc7 e5 30.Ne6+ Ke4 31.Nxg7 Kf4 
32.Nh5+ Kg5 33.Ng3 Kh4 {.}  34.Ne4 h6 35.Kd3 Kh5 
36.Kc4 Kg6 37.Kd5 Nb4+ 38.Kxe5 Nxa2 39.Kd6 Kf5 
40.Nc5 Nc3 41.Kc6 Kf4 42.Kb7 Nb5 43.Ka6 Nd4 
44.Kxa7 Kg3 45.Ka6 Nxb3 46.Nxb3 1/2-1/2

[Event "HCL-B188"]
[Site "www.playchess.de"]
[Date "2001.03.28"]
[Round "7"]
[White "lostpawn2000"]
[Black "sonnygarcia"]
[WhiteElo "1586"]
[BlackElo "1144"]
[PlyCount "42"]
[Result "0-1"]

1.d4 e6 2.c4 Nf6 3.Nc3 Bb4 4.e3 O-O 5.Nge2 d5 6.a3 
Bxc3+ 7.Nxc3 b6 8.Bd3 c5 9.dxc5 bxc5 10.cxd5 exd5 
11.O-O Ba6 12.Re1 Bxd3 13.Qxd3 Nc6 14.Rd1 d4 
15.exd4 Nxd4 16.Be3 Ng4 17.Bf4 Qh4 18.Bg3 Qh5 
19.f3 Nh6 20.Qe2 Nxe2+ 21.Nxe2 
Rad8 0-1

[Event "HCL-C198"]
[Site "www.playchess.de"]
[Date "2001.03.28"]
[Round "6"]
[White "Dirk"]
[Black "donkey"]
[WhiteElo "1000"]
[BlackElo "1215"]
[PlyCount "30"]
[Result "0-1"]

1.Nf3 c5 {Tach auch!}  2.c4 {Hallo!}  Nc6 3.Na3 g6 
4.d3 Bg7 5.e4 d6 6.Qa4 Bd7 7.Qb3 Na5 8.Qc2 Nf6 
9.Be2 O-O 10.h3 Re8 11.O-O Nc6 12.Be3 b6 13.Qd2 
Nb4 14.Bh6 Bxh6 15.Qxh6 Kh8 0-1

[Event "HCL-B199"]
[Site "www.playchess.de"]
[Date "2001.03.28"]
[Round "29"]
[White "Bauernopfer"]
[Black "sarx"]
[WhiteElo "1325"]
[BlackElo "1500"]
[PlyCount "49"]
[Result "1-0"]

1.e4 e6 2.d4 b6 3.Nc3 Bb7 4.Nf3 c5 5.Bb5 a6 6.Ba4 
b5 7.dxc5 bxa4 8.Nxa4 Bxe4 9.O-O Qa5 10.c3 Bxf3 
11.Qxf3 Nc6 12.Nb6 Rb8 13.b4 Qb5 14.a4 Ne5 15.Qh5 
Qc6 16.Qxe5 Rb7 17.Qe2 Ra7 18.b5 axb5 19.axb5 Qxc5 
20.Rxa7 Qxb6 21.Ra8+ Ke7 22.Rd1 Nf6 23.Ba3+ d6 
24.Ra6 Qc5 25.Bxc5 1-0

[Event "HCL-A090"]
[Site "www.playchess.de"]
[Date "2001.03.28"]
[Round "6"]
[White "Chapo"]
[Black "The_Chess"]
[WhiteElo "1700"]
[BlackElo "1700"]
[PlyCount "59"]
[Result "1-0"]

1.c4 {Good luck}  g6 {you too}  2.Nc3 Bg7 3.g3 b6 
4.Bg2 Nc6 5.d3 Bb7 6.Nf3 Nd4 7.O-O Nxf3+ 8.exf3 e6 
9.Re1 Ne7 10.d4 d5 11.f4 O-O 12.b3 c5 13.Be3 cxd4 
14.Bxd4 Nf5 15.Bxg7 Kxg7 16.cxd5 exd5 17.Nxd5 Bxd5 
18.Bxd5 Rc8 19.Qd2 Ne7 20.Qb2+ Kg8 21.Bc4 Rc6 
22.Rad1 Qc7 23.Qd4 Nf5 24.Qd7 h5 25.Re8 Qxd7 
26.Rxf8+ Kxf8 27.Rxd7 Nd6 28.Bd5 Rc1+ 29.Kg2 Rd1 
30.Bxf7 1-0

[Event "ACL-A099"]
[Site "www.playchess.de"]
[Date "2001.03.28"]
[Round "11"]
[White "lsoule"]
[Black "hisamawi_s"]
[WhiteElo "1500"]
[BlackElo "1499"]
[PlyCount "45"]
[Result "1-0"]

1.e4 c5 2.Nf3 Nf6 3.e5 Nd5 4.Nc3 e6 5.Nxd5 exd5 
6.d4 d6 7.Bb5+ Nc6 8.O-O Bg4 9.Re1 Be7 10.Bxc6+ 
bxc6 11.exd6 Qxd6 12.dxc5 Qxc5 13.Qd4 Qxd4 14.Nxd4 
Kd7 15.h3 Be6 16.Bf4 Bd6 17.Be5 Bxe5 18.Rxe5 c5 
19.Nxe6 fxe6 20.Rae1 Rae8 21.c4 d4 22.Rxc5 Kd6 
23.b4 1-0

[Event "HCL-B203"]
[Site "www.playchess.de"]
[Date "2001.03.28"]
[Round "9"]
[White "chucaniam"]
[Black "deadeasy"]
[WhiteElo "1500"]
[BlackElo "1872"]
[PlyCount "64"]
[Result "0-1"]

1.e4 c5 2.Nf3 Nc6 3.d4 cxd4 4.Nxd4 Nf6 5.Nc3 e5 
6.Ndb5 d6 7.Bg5 a6 8.Bxf6 gxf6 9.Na3 b5 10.Nd5 Bb7 
11.Qf3 Nd4 12.Qxf6 Qxf6 13.Nxf6+ Ke7 14.Nd5+ Bxd5 
15.c3 Bxe4 16.cxd4 exd4 {I am new to playing the 
sicilian, this is a bizarre pawn formation for 
black! usual?}  17.Rd1 Bg7 18.Bd3 d5 19.O-O Rhc8 
20.Rfe1 Kf8 21.Bxe4 dxe4 22.Rxe4 b4 23.Nb1 Rc2 
24.b3 Rxa2 25.Nd2 Rd8 26.Nc4 a5 27.Rde1 d3 28.Rd1 
a4 29.bxa4 Rxa4 30.Nb6 Ra1 31.Rxa1 Bxa1 32.Rxb4 
d2 0-1

[Event "HCL-C205"]
[Site "www.playchess.de"]
[Date "2001.03.28"]
[Round "3"]
[White "Brazil"]
[Black "xerxes2u"]
[WhiteElo "1800"]
[BlackElo "1379"]
[PlyCount "82"]
[Result "0-1"]

1.d4 Nf6 2.c4 g6 3.Nc3 Bg7 4.Nf3 O-O 5.e4 d6 6.Bd3 
Nbd7 7.O-O e5 8.d5 c6 9.Be3 cxd5 10.cxd5 a6 11.h3 
Nc5 12.Bxc5 dxc5 13.Nxe5 Re8 14.Nc4 b5 15.Ne3 c4 
16.Bc2 Bb7 17.f3 Qb8 18.b4 Nh5 19.Qd2 Be5 20.g4 
Nf4 21.Rab1 Nxh3+ 22.Kh1 Nf4 23.Rf2 h5 24.gxh5 
Nxh5 25.Rg1 Bf4 26.Ne2 Ng3+ 27.Nxg3 Bxg3 28.Rfg2 
Bf4 29.Qc3 Be5 30.Qe1 Kf8 31.Qh4 Qd8 32.Qh6+ Bg7 
33.Qf4 Be5 34.Qh6+ Ke7 35.Qg5+ Kd7 36.Qxd8+ Raxd8 
37.R2g4 Bc8 38.Rh4 Kc7 39.Ng4 Reh8 40.Rxh8 Rxh8+ 
41.Kg2 Bxg4 0-1

[Event "HCL-B207"]
[Site "www.playchess.de"]
[Date "2001.03.28"]
[Round "9"]
[White "rafita"]
[Black "Goldhair"]
[WhiteElo "1396"]
[BlackElo "1528"]
[PlyCount "103"]
[Result "1-0"]

1.d4 {hello and good luck!}  d5 {good luck,too}  
2.c4 e6 3.Nc3 Nf6 4.Bg5 Nbd7 5.e3 c6 6.Nf3 Qa5 
7.Nd2 Bb4 8.Qc2 O-O 9.Be2 dxc4 10.Bxf6 Nxf6 
11.Nxc4 Qc7 12.O-O Rd8 13.a3 Bxc3 14.bxc3 Nd5 
15.Bf3 c5 16.Rfc1 Bd7 17.Ne5 cxd4 18.cxd4 Qxc2 
19.Rxc2 f5 20.Bxd5 exd5 21.Rc7 Bc6 22.Nxc6 bxc6 
23.Rxc6 Rd7 {How about a draw?}  24.Rac1 {well, 
I'm up a pawn, so I want to give it a try...}  Kf7 
{Good luck!}  25.g3 {thanks}  Rb8 26.R6c7 Rb7 
27.Rxd7+ Rxd7 28.Rc5 Ke7 29.Kf1 Kd6 30.Ke2 a6 
31.Ra5 Ra7 32.Kd3 g6 33.f3 Kc6 34.e4 fxe4+ 35.fxe4 
dxe4+ 36.Kxe4 Kb6 37.Re5 Rc7 38.Re6+ Kb5 39.Ke5 
Rc2 40.a4+ Kxa4 41.Rxa6+ Kb5 42.Ra7 Rxh2 43.d5 
Rh5+ 44.Ke6 Rh1 45.d6 Re1+ 46.Kf7 Rd1 47.Ke7 Kb6 
48.Ra2 Re1+ 49.Kd8 Re3 50.d7 Rxg3 51.Re2 Rd3 
52.Ke7 1-0

[Event "HCL-E034"]
[Site "www.playchess.de"]
[Date "2001.03.28"]
[Round "1"]
[White "Werner"]
[Black "narbiepa"]
[WhiteElo "1895"]
[BlackElo "2000"]
[PlyCount "54"]
[Result "1/2-1/2"]

1.e4 {Hi! Good luck!}  e5 {Good luck!}  2.f4 Qh4+ 
3.g3 Qe7 4.fxe5 d6 5.exd6 Qxe4+ 6.Qe2 Qxe2+ 7.Nxe2 
Bxd6 8.Bg2 Nc6 9.Bxc6+ bxc6 10.d3 h5 11.Nbc3 h4 
12.O-O hxg3 13.Nxg3 Nf6 14.Bg5 Ng4 15.Rae1+ Be6 
16.Nf5 Bxh2+ 17.Kg2 Be5 18.d4 Rh5 19.Ne4 Rh2+ 
20.Kg1 Bxf5 21.Nf2 Kf8 22.Be7+ Kg8 23.dxe5 Rxf2 
24.Rxf2 Nxf2 25.Kxf2 Re8 26.Bc5 Bxc2 27.b4 
a6 1/2-1/2

[Event "ACL-E007"]
[Site "www.playchess.de"]
[Date "2001.03.28"]
[Round "4"]
[White "Milamber"]
[Black "iq160"]
[WhiteElo "2105"]
[BlackElo "1654"]
[PlyCount "47"]
[Result "1-0"]

1.d4 Nf6 2.c4 g6 3.Nc3 d5 4.cxd5 Nxd5 5.e4 Nxc3 
6.bxc3 Bg7 7.Bc4 c5 8.Ne2 Nc6 9.Be3 O-O 10.O-O 
cxd4 11.cxd4 Bg4 12.f3 Na5 13.Bxf7+ Rxf7 14.fxg4 
Rxf1+ 15.Kxf1 Qd7 16.h3 b5 17.Kg1 Nc4 18.Qd3 e6 
19.Bg5 Ne5 20.Qe3 Nc4 {dieses spiel ist 
langweilig}  21.Qc3 Rf8 22.Rf1 {Wenn Du dich 
langweilst kannst Du es ja mal mit einem 
Damenopfer probieren}  Qxd4+ 23.Nxd4 Rc8 
24.Bf6 1-0

[Event "HCL-M013"]
[Site "www.playchess.de"]
[Date "2001.03.28"]
[Round "33"]
[White "ajedrez"]
[Black "Alexdan"]
[WhiteElo "2337"]
[BlackElo "2274"]
[PlyCount "41"]
[Result "1-0"]

1.e4 {Hello, and good luck.}  c6 {Hi!}  2.d4 d5 
3.Nc3 dxe4 4.Nxe4 Nd7 5.Ng5 Ngf6 6.Bd3 e6 7.N1f3 
h6 8.Nxe6 fxe6 9.Bg6+ Ke7 10.O-O Qc7 11.c4 Kd8 
12.Ne5 Nxe5 13.dxe5+ Nd7 14.Bf4 Bc5 15.Qg4 Rf8 
16.Rad1 Qb6 17.Bg3 Kc7 18.Qxe6 Qa5 19.Qg4 Kb6 
20.Qe2 Be7 21.b4 1-0

[Event "HCL-B202"]
[Site "www.playchess.de"]
[Date "2001.03.28"]
[Round "36"]
[White "uneek"]
[Black "patzer"]
[WhiteElo "1191"]
[BlackElo "1250"]
[PlyCount "112"]
[Result "0-1"]

1.d4 {Hello}  Nf6 {Hello! Sorry, my English is to 
poor to talk with you...}  2.Nf3 {OK,  Good Luck!} 
 g6 3.Nc3 d5 4.Bf4 Bg7 5.e3 O-O 6.Be2 c6 7.h4 Nh5 
8.Be5 Nd7 9.Bxg7 Nxg7 10.g4 Nb6 11.Ne5 f6 12.Nxg6 
hxg6 13.h5 g5 14.Qd3 e5 15.Qg6 Qe8 16.O-O-O Qxg6 
17.hxg6 exd4 18.Rxd4 f5 19.a4 f4 20.a5 Nd7 21.Rdd1 
fxe3 22.fxe3 Ne5 23.Rh6 Bxg4 24.Rdh1 Nf5 25.R6h8+ 
Kg7 26.R1h7+ Kxg6 27.Rxf8 Rxf8 28.Rxb7 Bxe2 
29.Nxe2 a6 30.Ra7 Nxe3 31.Rxa6 N5c4 32.Rxc6+ Kf5 
33.a6 Ke5 34.Kb1 Rb8 35.b3 Na3+ 36.Kb2 Nb5 37.Nc3 
Nxc3 38.Kxc3 g4 39.Kd3 Nf5 40.a7 Ra8 41.Rc7 {Not 
much play left but I will go on till the end.  It 
has been a interesting game.}  g3 42.Ke2 g2 43.Kf2 
Rg8 44.Kg1 Nd4 45.Re7+ Kd6 46.Re3 Nxc2 47.Rg3 Ra8 
48.Kxg2 Rxa7 49.Kf2 Ke5 50.Rd3 Ke4 51.Ke2 d4 
52.Kd2 Nb4 53.Rh3 Ra2+ 54.Kd1 Rb2 55.Kc1 Rf2 
56.Kd1 d3 0-1